[Event "DVM U20 2018"]
[Site "Osnabrück GER"]
[Date "2018.12.27"]
[Round "2"]
[White "Böhning, Kilian"]
[Black "Bunyatov, Rustam"]
[Result "1/2-1/2"]
[Termination "normal"]
[Board "1.1"]
[BlackTitle "FM"]
[WhiteElo "2097"]
[BlackElo "2177"]
[WhiteClock "00:11:21"]
[BlackClock "00:10:54"]
[WhiteTeam "Hagener SV"]
[BlackTeam "SG Porz"]
[PlyCount "60"]
[WhiteFideId "1270499"]
[BlackFideId "13410210"]
[EventCountry "GER"]
[EventRounds "7"]
[EventType "team-swiss"]
[EventDate "2018.12.26"]

1. d4 {[%clk 1:30:49]} Nf6 {[%clk 1:30:58]} 2. Nf3 {[%clk 1:31:03]} e6 {[%clk
1:31:24]} 3. g3 b6 {[%clk 1:31:46]} 4. Bg2 {[%clk 1:30:08]} Bb7 {[%clk
1:32:13]} 5. O-O {[%clk 1:30:02]} c5 {[%clk 1:32:35]} 6. c4 {[%clk 1:29:15]} d5
{[%clk 1:31:50]} 7. cxd5 {[%clk 1:28:28]} Nxd5 {[%clk 1:31:24]} 8. Bg5 {[%clk
1:25:45]} Be7 {[%clk 1:31:05]} 9. Bxe7 {[%clk 1:24:31]} Qxe7 {[%clk 1:31:13]}
10. Re1 {[%clk 1:23:28]} cxd4 11. Nxd4 {[%clk 1:20:23]} O-O {[%clk 1:27:39]}
12. e4 {[%clk 1:19:35]} Nb4 {[%clk 1:25:31]} 13. a3 {[%clk 1:11:52]} N4c6
{[%clk 1:25:56]} 14. Nxc6 {[%clk 1:10:45]} Nxc6 {[%clk 1:26:19]} 15. Nc3 {[%clk
1:10:55]} Rfd8 {[%clk 1:25:01]} 16. Qa4 {[%clk 1:08:48]} Rd4 {[%clk 1:23:56]}
17. Qc2 {[%clk 1:05:59]} Rad8 {[%clk 1:23:06]} 18. Rad1 {[%clk 1:05:44]} Qc5
{[%clk 1:19:21]} 19. Qe2 {[%clk 0:54:21]} Ne5 {[%clk 1:03:16]} 20. Rxd4 {[%clk
0:49:13]} Rxd4 {[%clk 1:00:10]} 21. Rd1 {[%clk 0:47:09]} h6 22. Rxd4 {[%clk
0:34:46]} Qxd4 {[%clk 0:57:44]} 23. Bf1 {[%clk 0:32:53]} f5 {[%clk 0:50:50]}
24. Bg2 {[%clk 0:31:17]} Kh7 {[%clk 0:43:52]} 25. h4 {[%clk 0:26:43]} Nd3
{[%clk 0:35:40]} 26. exf5 {[%clk 0:23:10]} Bxg2 {[%clk 0:34:52]} 27. Kxg2
{[%clk 0:22:44]} exf5 {[%clk 0:34:46]} 28. h5 {[%clk 0:18:42]} a6 {[%clk
0:29:01]} 29. Qe6 {[%clk 0:10:56]} Qxf2+ {[%clk 0:16:16]} 30. Kh3 {[%clk
0:11:21]} Qf1+ {[%clk 0:10:54]} 1/2-1/2

[Event "DVM U20 2018"]
[Site "Osnabrück GER"]
[Date "2018.12.27"]
[Round "2"]
[White "Fieberg, Samuel"]
[Black "Balazs, Balint"]
[Result "1-0"]
[Termination "normal"]
[Board "1.2"]
[WhiteTitle "FM"]
[WhiteElo "2170"]
[BlackElo "2105"]
[WhiteClock "00:01:32"]
[BlackClock "00:00:00"]
[WhiteTeam "SG Porz"]
[BlackTeam "Hagener SV"]
[PlyCount "113"]
[WhiteFideId "12901717"]
[BlackFideId "12922757"]
[EventCountry "GER"]
[EventRounds "7"]
[EventType "team-swiss"]
[EventDate "2018.12.26"]

1. e4 {[%clk 1:30:55]} d6 {[%clk 1:30:03]} 2. d4 {[%clk 1:30:54]} g6 {[%clk
1:30:26]} 3. Nc3 {[%clk 1:31:11]} Bg7 4. Nf3 {[%clk 1:31:26]} Nf6 {[%clk
1:30:50]} 5. Be2 {[%clk 1:31:05]} O-O {[%clk 1:31:01]} 6. O-O {[%clk 1:31:29]}
Nc6 {[%clk 1:28:24]} 7. h3 {[%clk 1:31:29]} e5 {[%clk 1:28:34]} 8. dxe5 {[%clk
1:28:25]} dxe5 {[%clk 1:28:52]} 9. Bg5 {[%clk 1:26:20]} h6 10. Qxd8 Rxd8 {[%clk
1:25:01]} 11. Bxf6 {[%clk 1:26:46]} Bxf6 {[%clk 1:25:24]} 12. Nd5 Bg7 {[%clk
1:24:23]} 13. Nxc7 {[%clk 1:27:33]} Rb8 14. c3 b6 {[%clk 1:10:04]} 15. Rfd1
{[%clk 1:24:42]} Bb7 {[%clk 1:09:55]} 16. Ba6 Bxa6 {[%clk 1:04:39]} 17. Nxa6
{[%clk 1:23:19]} Rbc8 {[%clk 1:05:04]} 18. Kf1 {[%clk 1:06:21]} f5 {[%clk
0:49:22]} 19. Ke2 {[%clk 1:01:21]} Kf7 20. exf5 gxf5 {[%clk 0:49:39]} 21. g4
{[%clk 1:01:31]} fxg4 {[%clk 0:43:47]} 22. hxg4 {[%clk 1:01:56]} Rxd1 {[%clk
0:43:58]} 23. Rxd1 {[%clk 1:02:19]} Ke6 {[%clk 0:44:19]} 24. Nd2 {[%clk
0:57:04]} Ne7 {[%clk 0:38:13]} 25. Nb4 a5 {[%clk 0:37:43]} 26. Nc2 {[%clk
0:45:48]} Nd5 {[%clk 0:33:46]} 27. Ne4 {[%clk 0:42:39]} Bf8 28. Ne3 {[%clk
0:37:57]} Nxe3 {[%clk 0:30:20]} 29. Kxe3 {[%clk 0:32:34]} a4 {[%clk 0:21:39]}
30. f3 {[%clk 0:27:56]} b5 {[%clk 0:17:19]} 31. Rd3 {[%clk 0:23:56]} Be7 {[%clk
0:15:50]} 32. Rd1 b4 {[%clk 0:16:13]} 33. Rh1 {[%clk 0:20:25]} Bf8 34. cxb4 Rc2
{[%clk 0:15:57]} 35. a3 {[%clk 0:19:10]} Rxb2 36. Nd2 Ra2 {[%clk 0:06:31]} 37.
Nc4 {[%clk 0:11:48]} Kd5 {[%clk 0:06:11]} 38. Kd3 {[%clk 0:11:49]} Rf2 39. Ne3+
{[%clk 0:04:02]} Ke6 {[%clk 0:05:04]} 40. Ke4 Ra2 41. Nc4 {[%clk 0:30:19]} Re2+
{[%clk 0:32:06]} 42. Kd3 {[%clk 0:30:40]} Rf2 {[%clk 0:32:05]} 43. Nd2 Kd5 44.
Ke3 {[%clk 0:23:27]} Rg2 {[%clk 0:27:54]} 45. Ne4 {[%clk 0:22:54]} Kc4 {[%clk
0:22:26]} 46. Rc1+ {[%clk 0:18:29]} Kb3 47. Rc3+ {[%clk 0:04:42]} Kb2 48. b5
{[%clk 0:04:54]} Ka2 {[%clk 0:19:15]} 49. Nd2 {[%clk 0:05:01]} h5 {[%clk
0:16:33]} 50. Rc2+ Ka1 51. Nb3+ {[%clk 0:03:02]} axb3 {[%clk 0:16:57]} 52. Rxg2
{[%clk 0:02:06]} h4 {[%clk 0:12:03]} 53. Kd3 {[%clk 0:01:57]} b2 {[%clk
0:08:12]} 54. Rg1+ Ka2 55. Kc2 {[%clk 0:01:32]} Bh6 56. Rb1 Bc1 {[%clk
0:00:00]} 57. b6 1-0

[Event "DVM U20 2018"]
[Site "Osnabrück GER"]
[Date "2018.12.27"]
[Round "2"]
[White "Bach, Jannik"]
[Black "Ramien, David"]
[Result "0-1"]
[Termination "normal"]
[Board "1.3"]
[WhiteElo "2034"]
[BlackElo "2136"]
[WhiteClock "00:01:51"]
[BlackClock "00:37:43"]
[WhiteTeam "Hagener SV"]
[BlackTeam "SG Porz"]
[PlyCount "106"]
[WhiteFideId "24615900"]
[BlackFideId "12948241"]
[EventCountry "GER"]
[EventRounds "7"]
[EventType "team-swiss"]
[EventDate "2018.12.26"]

1. Nf3 {[%clk 1:30:59]} Nf6 {[%clk 1:30:54]} 2. g3 {[%clk 1:31:19]} b5 {[%clk
1:31:19]} 3. Bg2 {[%clk 1:31:43]} Bb7 {[%clk 1:31:43]} 4. O-O {[%clk 1:32:02]}
e6 {[%clk 1:32:08]} 5. d3 {[%clk 1:31:11]} Be7 {[%clk 1:31:31]} 6. Nbd2 {[%clk
1:30:05]} c5 {[%clk 1:31:12]} 7. Re1 {[%clk 1:24:33]} d5 {[%clk 1:29:38]} 8. c4
{[%clk 1:17:30]} bxc4 {[%clk 1:27:11]} 9. dxc4 {[%clk 1:10:11]} d4 {[%clk
1:26:11]} 10. e3 {[%clk 1:04:54]} dxe3 {[%clk 1:24:19]} 11. Rxe3 {[%clk
1:02:58]} O-O {[%clk 1:24:32]} 12. Qe2 {[%clk 0:51:38]} Nc6 {[%clk 1:20:42]}
13. Nb3 {[%clk 0:45:34]} a5 {[%clk 1:09:00]} 14. Ne5 {[%clk 0:38:24]} Qc8
{[%clk 1:07:46]} 15. Nxc6 {[%clk 0:36:22]} Bxc6 {[%clk 1:08:11]} 16. Bxc6
{[%clk 0:36:24]} Qxc6 {[%clk 1:08:34]} 17. Bd2 {[%clk 0:16:53]} a4 {[%clk
1:02:27]} 18. Nc1 {[%clk 0:17:21]} Qa6 {[%clk 1:01:24]} 19. Bc3 {[%clk
0:15:00]} Rfd8 {[%clk 0:58:51]} 20. h4 {[%clk 0:13:01]} Nd7 {[%clk 0:58:28]}
21. b3 {[%clk 0:04:58]} Bf6 {[%clk 0:58:00]} 22. Bxf6 {[%clk 0:04:45]} gxf6
{[%clk 0:55:52]} 23. Rb1 {[%clk 0:04:53]} axb3 {[%clk 0:47:36]} 24. axb3 {[%clk
0:05:06]} Qd6 {[%clk 0:45:56]} 25. Nd3 {[%clk 0:04:02]} f5 {[%clk 0:45:06]} 26.
Nf4 {[%clk 0:03:55]} Nf6 {[%clk 0:44:00]} 27. Rd3 {[%clk 0:02:37]} Qb6 {[%clk
0:42:37]} 28. Rbd1 {[%clk 0:02:33]} Rd4 {[%clk 0:39:40]} 29. Rxd4 {[%clk
0:01:49]} cxd4 {[%clk 0:40:05]} 30. Qe5 {[%clk 0:02:11]} Ng4 {[%clk 0:39:50]}
31. Qe2 {[%clk 0:00:47]} Ra3 {[%clk 0:37:17]} 32. Rd3 {[%clk 0:00:41]} Rxb3
{[%clk 0:35:34]} 33. Rxb3 {[%clk 0:00:39]} Qxb3 {[%clk 0:35:59]} 34. Nxe6
{[%clk 0:00:33]} Qb1+ {[%clk 0:36:24]} 35. Kg2 {[%clk 0:00:49]} Qb7+ {[%clk
0:36:51]} 36. Kg1 {[%clk 0:01:02]} fxe6 {[%clk 0:37:14]} 37. Qxe6+ {[%clk
0:01:25]} Qf7 {[%clk 0:37:32]} 38. Qd6 {[%clk 0:00:54]} Qxc4 {[%clk 0:36:12]}
39. Qd8+ {[%clk 0:01:22]} Kf7 {[%clk 0:35:44]} 40. Qd7+ {[%clk 0:01:43]} Kf6
{[%clk 0:21:33]} 41. Qd6+ {[%clk 0:12:38]} Kg7 42. Qe7+ {[%clk 0:03:18]} Qf7
{[%clk 0:42:49]} 43. Qg5+ {[%clk 0:01:57]} Qg6 {[%clk 0:39:55]} 44. Qe7+ {[%clk
0:01:51]} Kh6 {[%clk 0:39:37]} 45. Qf8+ {[%clk 0:01:49]} Kh5 {[%clk 0:39:28]}
46. Qd8 {[%clk 0:02:06]} Qf6 {[%clk 0:39:27]} 47. Qe8+ {[%clk 0:01:50]} Kh6
{[%clk 0:39:48]} 48. Qd7 {[%clk 0:02:00]} Ne5 {[%clk 0:38:46]} 49. Qd5 {[%clk
0:02:10]} d3 {[%clk 0:37:12]} 50. f4 {[%clk 0:02:05]} Qb6+ {[%clk 0:37:33]} 51.
Kh2 {[%clk 0:01:17]} Qf2+ {[%clk 0:37:18]} 52. Kh3 {[%clk 0:01:42]} Qf1+ {[%clk
0:37:43]} 53. Kh2 {[%clk 0:01:51]} Ng4# 0-1

[Event "DVM U20 2018"]
[Site "Osnabrück GER"]
[Date "2018.12.27"]
[Round "2"]
[White "Sabirov, Ramil"]
[Black "Hoppe, Andreas"]
[Result "1/2-1/2"]
[Termination "normal"]
[Board "1.4"]
[WhiteElo "2066"]
[BlackElo "1979"]
[WhiteClock "00:18:42"]
[BlackClock "00:25:14"]
[WhiteTeam "SG Porz"]
[BlackTeam "Hagener SV"]
[PlyCount "50"]
[WhiteFideId "12900303"]
[BlackFideId "12922811"]
[EventCountry "GER"]
[EventRounds "7"]
[EventType "team-swiss"]
[EventDate "2018.12.26"]

1. Nf3 {[%clk 1:30:58]} d5 {[%clk 1:30:49]} 2. c4 {[%clk 1:31:23]} e6 {[%clk
1:30:21]} 3. b3 {[%clk 1:31:43]} Nf6 {[%clk 1:30:08]} 4. Bb2 {[%clk 1:31:46]}
Be7 {[%clk 1:30:11]} 5. g3 {[%clk 1:29:59]} c5 {[%clk 1:24:57]} 6. Bg2 {[%clk
1:30:10]} d4 {[%clk 1:24:41]} 7. e3 {[%clk 1:29:50]} Nc6 {[%clk 1:24:16]} 8.
exd4 cxd4 {[%clk 1:23:15]} 9. O-O {[%clk 1:30:08]} O-O {[%clk 1:23:01]} 10. Re1
{[%clk 1:30:25]} a5 {[%clk 1:19:42]} 11. d3 {[%clk 1:23:43]} a4 {[%clk
1:15:39]} 12. bxa4 {[%clk 1:15:53]} Re8 {[%clk 1:11:18]} 13. Na3 {[%clk
0:57:08]} Bb4 {[%clk 1:08:49]} 14. Rf1 {[%clk 0:52:42]} e5 {[%clk 1:08:08]} 15.
Nb5 {[%clk 0:50:01]} Bf5 {[%clk 1:03:00]} 16. Nh4 {[%clk 0:43:25]} Bg4 {[%clk
1:00:58]} 17. Qc2 {[%clk 0:41:14]} Nd7 {[%clk 0:56:31]} 18. h3 {[%clk 0:39:59]}
Be6 {[%clk 0:50:36]} 19. a3 {[%clk 0:30:49]} Bf8 {[%clk 0:46:09]} 20. Rad1
{[%clk 0:24:51]} Nc5 {[%clk 0:45:57]} 21. Bc1 {[%clk 0:23:25]} g5 {[%clk
0:39:34]} 22. Nf3 {[%clk 0:23:27]} h6 {[%clk 0:29:41]} 23. Nd2 {[%clk 0:22:26]}
Bf5 {[%clk 0:29:03]} 24. Nb3 {[%clk 0:20:59]} Nxa4 {[%clk 0:28:21]} 25. Kh2
{[%clk 0:18:42]} Bg7 {[%clk 0:25:14]} 1/2-1/2

[Event "DVM U20 2018"]
[Site "Osnabrück GER"]
[Date "2018.12.27"]
[Round "2"]
[White "Laubrock, Paul"]
[Black "Sewald, Kathrin"]
[Result "0-1"]
[Termination "normal"]
[Board "1.5"]
[WhiteElo "1968"]
[BlackElo "1980"]
[WhiteClock "00:17:26"]
[BlackClock "00:25:34"]
[WhiteTeam "Hagener SV"]
[BlackTeam "SG Porz"]
[PlyCount "98"]
[WhiteFideId "1270509"]
[BlackFideId "12964557"]
[EventCountry "GER"]
[EventRounds "7"]
[EventType "team-swiss"]
[EventDate "2018.12.26"]

1. d4 {[%clk 1:30:39]} c5 {[%clk 1:30:56]} 2. d5 {[%clk 1:30:20]} d6 {[%clk
1:30:16]} 3. e4 {[%clk 1:30:18]} g6 {[%clk 1:30:40]} 4. Nc3 {[%clk 1:29:34]}
Bg7 {[%clk 1:31:04]} 5. Be3 {[%clk 1:29:58]} Nf6 {[%clk 1:31:01]} 6. f3 {[%clk
1:30:20]} O-O {[%clk 1:31:17]} 7. Qd2 {[%clk 1:30:03]} Na6 {[%clk 1:30:24]} 8.
Bh6 {[%clk 1:27:06]} Nc7 {[%clk 1:30:10]} 9. h4 {[%clk 1:26:12]} e6 {[%clk
1:21:08]} 10. O-O-O {[%clk 1:24:50]} exd5 {[%clk 1:17:37]} 11. exd5 {[%clk
1:25:10]} b5 {[%clk 1:15:00]} 12. h5 {[%clk 1:14:36]} b4 {[%clk 0:59:26]} 13.
Bxg7 {[%clk 1:14:33]} Kxg7 {[%clk 0:52:41]} 14. hxg6 {[%clk 1:14:43]} fxg6
{[%clk 0:52:49]} 15. Ne4 {[%clk 1:14:53]} h5 {[%clk 0:50:21]} 16. Bc4 {[%clk
1:13:05]} Re8 17. Qf4 {[%clk 1:01:10]} Re5 {[%clk 0:25:04]} 18. Nxf6 {[%clk
0:51:20]} Qxf6 {[%clk 0:25:16]} 19. Ne2 {[%clk 0:49:50]} Bb7 {[%clk 0:20:03]}
20. Qxf6+ {[%clk 0:39:11]} Kxf6 {[%clk 0:20:24]} 21. Nf4 {[%clk 0:39:25]} Rf8
{[%clk 0:17:51]} 22. Bd3 {[%clk 0:38:23]} Rg5 {[%clk 0:16:56]} 23. Be4 {[%clk
0:31:26]} Kg7 {[%clk 0:15:31]} 24. Rh4 {[%clk 0:30:09]} Rf6 {[%clk 0:15:46]}
25. b3 {[%clk 0:17:57]} Kh6 {[%clk 0:15:31]} 26. Kb2 {[%clk 0:14:54]} Bc8 27.
a4 {[%clk 0:13:31]} a5 {[%clk 0:12:28]} 28. Rd2 {[%clk 0:11:50]} Rg3 {[%clk
0:11:48]} 29. Bxg6 {[%clk 0:07:37]} Kg5 {[%clk 0:10:45]} 30. Nxh5 {[%clk
0:04:24]} Kxh4 {[%clk 0:11:08]} 31. Nxf6 {[%clk 0:03:31]} Rxg6 {[%clk 0:11:29]}
32. Ne4 {[%clk 0:02:48]} Bf5 {[%clk 0:10:39]} 33. c3 {[%clk 0:01:48]} Bxe4
{[%clk 0:07:55]} 34. fxe4 {[%clk 0:02:13]} bxc3+ {[%clk 0:08:11]} 35. Kxc3
{[%clk 0:02:38]} Rg3+ {[%clk 0:08:31]} 36. Rd3 {[%clk 0:01:17]} Rg5 37. Rh3+
{[%clk 0:00:40]} Kg4 {[%clk 0:06:41]} 38. Rh6 Kf4 {[%clk 0:06:25]} 39. Rxd6
{[%clk 0:01:13]} Kxe4 {[%clk 0:05:46]} 40. Kc4 {[%clk 0:00:56]} Nxd5 {[%clk
0:05:32]} 41. Kb5 {[%clk 0:26:04]} Kd4 {[%clk 0:28:41]} 42. Kxa5 {[%clk
0:25:16]} Kc3 {[%clk 0:28:19]} 43. Kb5 {[%clk 0:19:15]} Nb4 {[%clk 0:27:08]}
44. Kb6 {[%clk 0:19:01]} Kxb3 {[%clk 0:26:05]} 45. a5 {[%clk 0:18:45]} c4
{[%clk 0:26:10]} 46. a6 {[%clk 0:19:11]} Nxa6 {[%clk 0:26:18]} 47. Kxa6 {[%clk
0:19:34]} c3 {[%clk 0:26:17]} 48. Rc6 {[%clk 0:19:31]} c2 {[%clk 0:25:59]} 49.
Rb6+ {[%clk 0:17:26]} Kc4 {[%clk 0:25:34]} 0-1

[Event "DVM U20 2018"]
[Site "Osnabrück GER"]
[Date "2018.12.27"]
[Round "2"]
[White "Niesel, Tobias"]
[Black "Glaser, Maximilian"]
[Result "1/2-1/2"]
[Termination "normal"]
[Board "1.6"]
[WhiteElo "1890"]
[BlackElo "1794"]
[WhiteClock "00:01:04"]
[BlackClock "00:53:39"]
[WhiteTeam "SG Porz"]
[BlackTeam "Hagener SV"]
[PlyCount "67"]
[WhiteFideId "12962155"]
[BlackFideId "12956961"]
[EventCountry "GER"]
[EventRounds "7"]
[EventType "team-swiss"]
[EventDate "2018.12.26"]

1. Nf3 {[%clk 1:30:57]} g6 {[%clk 1:30:45]} 2. c4 {[%clk 1:31:17]} Bg7 {[%clk
1:30:48]} 3. g3 {[%clk 1:31:39]} c5 {[%clk 1:30:46]} 4. Bg2 {[%clk 1:32:00]}
Nc6 {[%clk 1:31:08]} 5. O-O {[%clk 1:31:38]} Nf6 {[%clk 1:31:17]} 6. Nc3 {[%clk
1:30:10]} O-O {[%clk 1:31:36]} 7. d4 {[%clk 1:04:22]} cxd4 {[%clk 1:29:49]} 8.
Nxd4 {[%clk 1:02:13]} Nxd4 {[%clk 1:26:18]} 9. Qxd4 {[%clk 1:02:38]} d6 {[%clk
1:26:23]} 10. Qh4 {[%clk 0:59:50]} h5 {[%clk 1:25:33]} 11. Rd1 {[%clk 0:58:06]}
Qa5 {[%clk 1:23:42]} 12. Bd2 {[%clk 0:47:51]} Qb6 {[%clk 1:17:15]} 13. b4
{[%clk 0:26:26]} Ng4 {[%clk 1:12:56]} 14. c5 {[%clk 0:19:28]} Qxb4 {[%clk
1:10:13]} 15. Ne4 {[%clk 0:18:20]} Qa3 {[%clk 1:05:05]} 16. cxd6 {[%clk
0:08:46]} exd6 {[%clk 1:03:46]} 17. h3 {[%clk 0:08:44]} Nh6 {[%clk 1:01:48]}
18. Nf6+ {[%clk 0:08:32]} Kh8 {[%clk 1:01:14]} 19. g4 {[%clk 0:06:45]} Qb2
{[%clk 0:59:54]} 20. Bg5 {[%clk 0:06:31]} Qxe2 {[%clk 0:55:04]} 21. Re1 {[%clk
0:06:47]} Qc4 {[%clk 0:55:06]} 22. Rac1 {[%clk 0:07:07]} Qa4 {[%clk 0:54:17]}
23. Nxh5 {[%clk 0:06:50]} gxh5 {[%clk 0:54:15]} 24. Qxh5 {[%clk 0:07:09]} Kh7
{[%clk 0:54:17]} 25. Be4+ {[%clk 0:06:04]} f5 {[%clk 0:54:28]} 26. Rc7 {[%clk
0:06:26]} Bd7 {[%clk 0:53:21]} 27. Bxh6 {[%clk 0:02:52]} fxe4 {[%clk 0:53:12]}
28. Bxg7+ {[%clk 0:02:00]} Kxg7 {[%clk 0:53:30]} 29. Qg5+ {[%clk 0:01:31]} Kf7
{[%clk 0:52:53]} 30. Qf5+ {[%clk 0:00:46]} Kg8 {[%clk 0:52:48]} 31. Qg6+ {[%clk
0:01:02]} Kh8 {[%clk 0:52:56]} 32. Qh6+ {[%clk 0:01:03]} Kg8 {[%clk 0:53:16]}
33. Qg6+ {[%clk 0:01:27]} Kh8 {[%clk 0:53:39]} 34. Qh6+ {[%clk 0:01:04]}
1/2-1/2

[Event "DVM U20 2018"]
[Site "Osnabrück GER"]
[Date "2018.12.27"]
[Round "2"]
[White "Knudsen, Simon"]
[Black "Joeres, Stefan"]
[Result "0-1"]
[Termination "normal"]
[Board "2.1"]
[WhiteElo "2206"]
[BlackElo "2093"]
[WhiteClock "00:23:25"]
[BlackClock "00:48:58"]
[WhiteTeam "SF Brackel"]
[BlackTeam "Karlsruher SF"]
[PlyCount "62"]
[WhiteFideId "12985546"]
[BlackFideId "12983160"]
[EventCountry "GER"]
[EventRounds "7"]
[EventType "team-swiss"]
[EventDate "2018.12.26"]

1. e4 {[%clk 1:30:55]} c5 {[%clk 1:30:58]} 2. Nf3 {[%clk 1:31:18]} Nc6 {[%clk
1:31:25]} 3. Bb5 {[%clk 1:31:42]} g6 {[%clk 1:31:52]} 4. Bxc6 {[%clk 1:31:39]}
bxc6 {[%clk 1:32:21]} 5. O-O {[%clk 1:31:15]} Bg7 {[%clk 1:32:49]} 6. Re1
{[%clk 1:31:39]} Nh6 {[%clk 1:33:13]} 7. c3 {[%clk 1:29:40]} O-O {[%clk
1:32:59]} 8. h3 {[%clk 1:29:22]} d5 {[%clk 1:32:15]} 9. d3 {[%clk 1:18:49]} f6
{[%clk 1:30:52]} 10. b3 {[%clk 1:08:24]} Re8 {[%clk 1:25:46]} 11. Be3 {[%clk
1:04:51]} Qd6 {[%clk 1:24:15]} 12. Qc1 {[%clk 1:05:16]} Nf7 {[%clk 1:23:55]}
13. Qa3 {[%clk 1:05:40]} c4 {[%clk 1:20:32]} 14. Bc5 {[%clk 1:04:49]} Qc7
{[%clk 1:20:53]} 15. bxc4 {[%clk 1:05:10]} dxc4 {[%clk 1:19:29]} 16. d4 {[%clk
1:05:29]} e5 {[%clk 1:14:27]} 17. Nbd2 {[%clk 1:00:01]} Be6 {[%clk 1:13:06]}
18. Qa4 {[%clk 0:57:27]} exd4 {[%clk 1:11:47]} 19. cxd4 {[%clk 0:56:45]} c3
{[%clk 1:11:03]} 20. Nb3 {[%clk 0:54:20]} Qf4 {[%clk 1:08:36]} 21. Re3 {[%clk
0:48:57]} Bd7 {[%clk 1:02:44]} 22. Rae1 {[%clk 0:48:39]} f5 {[%clk 0:56:06]}
23. e5 {[%clk 0:46:00]} c2 {[%clk 0:56:28]} 24. Qc4 {[%clk 0:44:00]} Be6 {[%clk
0:55:05]} 25. Qxc2 {[%clk 0:44:23]} Ng5 {[%clk 0:54:39]} 26. Nxg5 {[%clk
0:41:08]} Qxg5 27. Rg3 {[%clk 0:41:29]} Qh4 {[%clk 0:55:05]} 28. Nd2 {[%clk
0:32:09]} Bh6 {[%clk 0:52:42]} 29. Ra3 {[%clk 0:30:47]} Bd5 {[%clk 0:49:47]}
30. Rb1 {[%clk 0:23:04]} Bxd2 {[%clk 0:48:30]} 31. Qxd2 {[%clk 0:23:25]} Qe4
{[%clk 0:48:58]} 0-1

[Event "DVM U20 2018"]
[Site "Osnabrück GER"]
[Date "2018.12.27"]
[Round "2"]
[White "Koll, Lukas"]
[Black "Korten, Lando"]
[Result "1/2-1/2"]
[Termination "normal"]
[Board "2.2"]
[WhiteElo "1993"]
[BlackElo "2100"]
[WhiteClock "00:23:54"]
[BlackClock "00:24:36"]
[WhiteTeam "Karlsruher SF"]
[BlackTeam "SF Brackel"]
[PlyCount "154"]
[WhiteFideId "12969737"]
[BlackFideId "12989606"]
[EventCountry "GER"]
[EventRounds "7"]
[EventType "team-swiss"]
[EventDate "2018.12.26"]

1. c4 {[%clk 1:30:58]} Nf6 {[%clk 1:30:56]} 2. g3 {[%clk 1:31:22]} g6 {[%clk
1:31:21]} 3. Bg2 {[%clk 1:31:48]} Bg7 {[%clk 1:31:47]} 4. d4 {[%clk 1:32:07]}
O-O {[%clk 1:32:11]} 5. e3 {[%clk 1:32:24]} d6 {[%clk 1:32:28]} 6. Ne2 {[%clk
1:32:39]} e5 {[%clk 1:31:47]} 7. Nbc3 {[%clk 1:32:55]} Nc6 {[%clk 1:29:05]} 8.
O-O {[%clk 1:33:04]} Re8 {[%clk 1:27:19]} 9. a3 {[%clk 1:29:09]} Bf5 {[%clk
1:25:59]} 10. e4 {[%clk 1:25:49]} Bd7 {[%clk 1:26:11]} 11. dxe5 {[%clk
1:20:38]} Nxe5 {[%clk 1:25:00]} 12. b3 {[%clk 1:21:01]} Qc8 {[%clk 1:22:33]}
13. Nf4 {[%clk 1:16:31]} Bc6 {[%clk 1:19:18]} 14. Bb2 {[%clk 1:13:23]} a5
{[%clk 1:14:54]} 15. Nfd5 {[%clk 1:02:41]} Nxd5 {[%clk 1:06:11]} 16. cxd5
{[%clk 1:01:47]} Bd7 {[%clk 1:06:28]} 17. a4 {[%clk 1:01:00]} f5 {[%clk
0:56:28]} 18. Rc1 {[%clk 0:57:31]} Qd8 {[%clk 0:49:35]} 19. Qc2 {[%clk
0:50:01]} Rc8 {[%clk 0:47:21]} 20. Nb5 {[%clk 0:49:28]} fxe4 {[%clk 0:38:46]}
21. Bxe4 {[%clk 0:49:00]} Bxb5 {[%clk 0:37:45]} 22. axb5 {[%clk 0:49:23]} Nd7
{[%clk 0:38:02]} 23. Bxg7 {[%clk 0:47:52]} Kxg7 {[%clk 0:38:19]} 24. Bg2 {[%clk
0:47:58]} Nc5 {[%clk 0:36:14]} 25. Bh3 {[%clk 0:44:35]} Ra8 {[%clk 0:34:48]}
26. Be6 {[%clk 0:43:45]} Qf6 {[%clk 0:34:08]} 27. Rfe1 {[%clk 0:43:38]} Re7
{[%clk 0:34:07]} 28. Ra1 {[%clk 0:41:55]} Ree8 {[%clk 0:32:29]} 29. Rab1 {[%clk
0:40:48]} c6 {[%clk 0:31:08]} 30. bxc6 {[%clk 0:39:45]} bxc6 {[%clk 0:31:24]}
31. Qc4 {[%clk 0:16:38]} Rab8 {[%clk 0:27:10]} 32. Qc2 {[%clk 0:09:15]} Re7
{[%clk 0:25:05]} 33. Re3 {[%clk 0:07:52]} Rbe8 {[%clk 0:12:40]} 34. Rbe1 {[%clk
0:07:50]} cxd5 {[%clk 0:08:33]} 35. Bxd5 {[%clk 0:08:01]} Re5 {[%clk 0:07:59]}
36. Qd2 {[%clk 0:05:49]} Rxe3 {[%clk 0:06:22]} 37. Rxe3 {[%clk 0:06:06]} Rxe3
{[%clk 0:05:50]} 38. fxe3 {[%clk 0:05:20]} Qe5 {[%clk 0:05:24]} 39. e4 {[%clk
0:05:01]} h5 {[%clk 0:02:41]} 40. Qxa5 {[%clk 0:02:59]} Qd4+ {[%clk 0:02:10]}
41. Kg2 {[%clk 0:01:49]} Nxe4 {[%clk 0:30:03]} 42. Bxe4 {[%clk 0:31:37]} Qxe4+
{[%clk 0:30:27]} 43. Kg1 {[%clk 0:31:09]} Qb1+ {[%clk 0:30:16]} 44. Kg2 {[%clk
0:31:31]} Qc2+ {[%clk 0:29:58]} 45. Kh1 {[%clk 0:30:41]} Qf2 {[%clk 0:27:46]}
46. Qa1+ {[%clk 0:25:32]} Kh7 {[%clk 0:26:58]} 47. Qd1 {[%clk 0:24:26]} d5
{[%clk 0:26:33]} 48. h4 {[%clk 0:22:09]} Qxg3 {[%clk 0:22:33]} 49. Qxd5 {[%clk
0:22:23]} Qxh4+ {[%clk 0:22:57]} 50. Kg2 {[%clk 0:21:53]} Qg4+ {[%clk 0:23:25]}
51. Kh1 {[%clk 0:22:12]} Qf4 {[%clk 0:23:43]} 52. Qb7+ {[%clk 0:18:41]} Kh6
{[%clk 0:23:42]} 53. b4 {[%clk 0:18:52]} Qf1+ {[%clk 0:22:55]} 54. Kh2 {[%clk
0:19:15]} Qf2+ {[%clk 0:23:18]} 55. Kh1 {[%clk 0:19:19]} h4 {[%clk 0:22:23]}
56. b5 {[%clk 0:19:33]} h3 {[%clk 0:21:33]} 57. b6 {[%clk 0:19:35]} h2 {[%clk
0:21:17]} 58. Qg2 {[%clk 0:19:51]} Qxb6 {[%clk 0:21:40]} 59. Qxh2+ {[%clk
0:19:56]} Kg7 {[%clk 0:22:01]} 60. Qe5+ {[%clk 0:20:14]} Qf6 {[%clk 0:22:02]}
61. Qc7+ {[%clk 0:20:20]} Qf7 {[%clk 0:21:58]} 62. Qe5+ {[%clk 0:20:34]} Kg8
{[%clk 0:22:16]} 63. Kg2 {[%clk 0:20:00]} Qb7+ {[%clk 0:22:28]} 64. Kg3 {[%clk
0:20:10]} Kh7 {[%clk 0:22:57]} 65. Kg4 {[%clk 0:20:14]} Qb4+ {[%clk 0:22:34]}
66. Qf4 {[%clk 0:20:00]} Qxf4+ {[%clk 0:21:16]} 67. Kxf4 {[%clk 0:20:15]} Kh6
{[%clk 0:21:25]} 68. Kg4 {[%clk 0:20:40]} g5 {[%clk 0:21:50]} 69. Kg3 {[%clk
0:20:58]} Kh5 {[%clk 0:22:15]} 70. Kh3 {[%clk 0:21:25]} g4+ {[%clk 0:22:38]}
71. Kg3 {[%clk 0:21:41]} Kg5 {[%clk 0:23:00]} 72. Kg2 {[%clk 0:22:08]} Kf4
{[%clk 0:23:23]} 73. Kf2 {[%clk 0:22:30]} g3+ {[%clk 0:23:49]} 74. Kg2 {[%clk
0:22:35]} Kg4 {[%clk 0:24:13]} 75. Kg1 {[%clk 0:23:03]} Kf3 {[%clk 0:24:37]}
76. Kf1 {[%clk 0:23:30]} g2+ {[%clk 0:25:02]} 77. Kg1 {[%clk 0:23:54]} Kg3
{[%clk 0:24:36]} 1/2-1/2